Statistics for Is this celebrity American?

Click here to take the quiz!

General Stats

  • This quiz has been taken 43 times
    (42 since last reset)
  • The average score is 21 of 28

Answer Stats

Question Answer % Correct
Will SmithYes
98%
EminemYes
93%
Jay ZYes
93%
PsyNo
93%
Morgan FreemanYes
88%
Conor McGregorNo
85%
Charlize TheronNo
85%
John CenaYes
83%
Katy PerryYes
83%
Liam NeesonNo
80%
Angelina JolieYes
80%
Elon MuskNo
80%
Margot RobbieNo
78%
Robert De NiroYes
78%
Quentin TarantinoYes
76%
Natalie PortmanNo
73%
Mark HamillYes
73%
Christian BaleNo
73%
Chris PrattYes
68%
Al PacinoYes
66%
Keanu ReevesNo
66%
Ryan ReynoldsNo
63%
Hayden ChristensenNo
63%
Seth RogenNo
59%
Elizabeth OlsenYes
59%
Willem DafoeYes
49%
Ellen PageNo
49%
Bruce WillisNo
24%

Score Distribution

Percentile by Number Answered

Percent of People with Each Score

Your Score History

You have not taken this quiz since the last reset